00544nam a2200169Ia 4500008004100000020001500041041001200056082001600068100002000084245004000104260002500144300000800169650001500177942000700192999001500199952016000214221030s9999 xx 000 0 und d a0074517155 aEnglish a105.23bKaz aS. M. A. Kazimi 0aSolid Mechanicscby S. M. A. Kazimi bTMHaNew Delhic1998 a450 aMechanical cBK c2600d2600 pBE 1605g175.00l0o105.23 Kazr2024-06-13 00:00:00w2022-10-30yBK003Print4071aMIETLIBbMIETLIBcBL-Second, FL-1, CUP-1, SH-1, R-1d2000-05-1110HBE